[Event "Harkany op"]
[Site "Harkany"]
[Date "1993.??.??"]
[Round "5"]
[White "Eismont, Oleg"]
[Black "Landenbergue, Claude"]
[Result "1-0"]
[WhiteElo "2440"]
[BlackElo "2405"]

1.e4 c5 2.Nc3 Nc6 3.Nf3 e6 4.Bb5 Nge7 5.O-O a6 6.Bxc6 Nxc6 7.d4 cxd4 8.Nxd4 Qc7
9.Nxc6 Qxc6 10.Re1 b5 11.Nd5 Bb7 12.Bf4 O-O-O 13.Re3 b4 14.c3 exd5 15.cxb4 Bd6
16.e5 Bc7 17.Rc1 Qe6 18.Rec3 Bc6 19.a4 f6 20.b5 fxe5 21.bxc6 exf4 22.Qd3 dxc6
23.Rxc6 Qe5 24.Qxa6+ Kd7 25.Qb5 Bd6 26.R6c2+  1-0

[Event "Harkany op"]
[Site "Harkany"]
[Date "1993.??.??"]
[Round "6"]
[White "Molnar, Bela"]
[Black "Khudiakov, Igor"]
[Result "0-1"]
[WhiteElo "2300"]
[BlackElo "2410"]

1.e4 c5 2.Nc3 Nc6 3.Nge2 Nf6 4.d4 cxd4 5.Nxd4 e5 6.Ndb5 d6 7.Nd5 Nxd5 8.exd5 Ne7
9.c3 Nf5 10.a4 Be7 11.Be2 O-O 12.O-O Bd7 13.Re1 Bg5 14.Bg4 Bxc1 15.Rxc1 a6
16.Na3 Rc8 17.Re4 Ne7 18.Bxd7 Qxd7 19.Rb4 Rc5 20.c4 Rfc8 21.Rc3 h6 22.g3 Ng6
23.Rb6 e4 24.b4 R5c7 25.Qe2 Qxa4 26.Qxe4 Re8 27.Qd4 Re1+ 28.Kg2 Rce7 29.Rxd6 R7e4
30.Rd8+ Kh7 31.Qd3 Ne5 32.Qc2 Qxb4 33.Rb3 Qc5 34.Re3 Rxe3 35.fxe3 Qxe3 36.Qf2 Qg5
37.d6 Ng4 38.h4 Ne3+  0-1

[Event "Harkany op"]
[Site "Harkany"]
[Date "1993.??.??"]
[Round "6"]
[White "Borocz, Istvan"]
[Black "Horvath, Peter"]
[Result "1/2-1/2"]
[WhiteElo "2335"]
[BlackElo "2390"]

1.e4 c5 2.Nc3 Nc6 3.Nge2 e5 4.g3 d6 5.Bg2 g6 6.d3 Bg7 7.Nd5 Be6 8.O-O Qd7
9.c3 h5 10.h4 f5 11.Bg5 Nge7 12.Nxe7 Nxe7 13.d4 cxd4 14.cxd4 fxe4 15.Bxe4 d5
16.Bg2 e4 17.Nf4 Bf7 18.Bxe7 Qxe7 19.Qa4+ Kf8 20.f3 e3 21.Rfe1 Re8 22.Rad1 Bh6
23.Ne2 g5 24.hxg5 Bxg5 25.Qxa7 Qd7 26.Qa3+ Be7 27.Qb3 h4 28.Rd3 hxg3 29.Rxe3 Qd6
30.f4 Qh6 31.Nxg3 Qh2+ 32.Kf2 Qh4 33.Kg1 Qh2+ 34.Kf2 Qh4 35.Kg1 Qh2+ 36.Kf2 Qh4  1/2-1/2

[Event "Harkany op"]
[Site "Harkany"]
[Date "1993.??.??"]
[Round "7"]
[White "Purtov, Andrei"]
[Black "Zemerov, Vladimir"]
[Result "1-0"]
[WhiteElo "2430"]
[BlackElo "2420"]

1.e4 c5 2.Nc3 Nc6 3.Nge2 e6 4.g3 a6 5.Bg2 b5 6.a3 Bb7 7.O-O Be7 8.f4 Qb6
9.d3 h5 10.h3 d6 11.Be3 Nf6 12.Bf2 Qc7 13.a4 b4 14.Nb1 d5 15.Nd2 Na5 16.e5 Nd7
17.c3 bxc3 18.bxc3 g5 19.d4 Nb6 20.Nf3 gxf4 21.Nxf4 Nbc4 22.h4 O-O-O 23.Ne1 Kb8
24.Ned3 Ka8 25.Nxh5 Bc6 26.Ra2 Rb8 27.Qf3 Rbf8 28.Rb1 Be8 29.Nf6 Bc6 30.g4 Rb8
31.Rxb8+ Qxb8 32.Qd1 cxd4 33.cxd4 Qb6 34.g5 Nb3 35.Nf4 Rb8 36.h5 Qa5 37.g6 fxg6
38.hxg6 Nbd2 39.Rxd2 Nxd2 40.g7 Bxf6 41.exf6 Bxa4 42.Qxa4  1-0

[Event "Harkany op"]
[Site "Harkany"]
[Date "1993.??.??"]
[Round "8"]
[White "Molnar, Bela"]
[Black "Anka, Emil"]
[Result "0-1"]
[WhiteElo "2300"]
[BlackElo "2395"]

1.e4 c5 2.Nc3 Nc6 3.Nge2 d6 4.d4 cxd4 5.Nxd4 Nf6 6.Be3 Ng4 7.Bb5 Nxe3 8.fxe3 Bd7
9.Bxc6 bxc6 10.O-O e5 11.Qh5 g6 12.Qf3 Qe7 13.Ndb5 Be6 14.Na3 Bg7 15.Rad1 O-O
16.Qe2 Rab8 17.b3 Rfd8 18.Nc4 d5 19.Nd2 f5 20.exf5 gxf5 21.Na4 Rb4 22.c3 Rg4
23.Nf3 Kh8 24.b4 Rg8 25.Nc5 Bc8 26.Kh1 Qd6 27.Rd2 e4 28.Nd4 Qh6 29.Nxf5 Bxf5
30.Rxf5 Bxc3 31.Rc2 Bxb4 32.Rf2 Qd6 33.Nb3 Rh4 34.h3 Qg3  0-1

[Event "Harkany op"]
[Site "Harkany"]
[Date "1993.??.??"]
[Round "8"]
[White "Zemerov, Vladimir"]
[Black "Videki, Sandor"]
[Result "0-1"]
[WhiteElo "2420"]
[BlackElo "2385"]

1.e4 c5 2.Nc3 Nc6 3.Nf3 d6 4.Bb5 Bd7 5.Bxc6 Bxc6 6.d4 cxd4 7.Qxd4 Nf6 8.Bg5 e6
9.O-O-O Be7 10.Rhe1 O-O 11.Kb1 Qc7 12.Qd2 Rfc8 13.Nd4 b5 14.f3 b4 15.Nce2 a5
16.g4 a4 17.Nxc6 Qxc6 18.Nd4 Qc5 19.Be3 Qa5 20.Rc1 d5 21.e5 Nd7 22.Bf2 Nb6
23.b3 axb3 24.cxb3 Rxc1+ 25.Kxc1 Qxa2 26.Qxa2 Rxa2 27.Re2 Rxe2 28.Nxe2 Nd7
29.Bd4 f6 30.exf6 gxf6 31.Kc2 Kf7 32.Nc1 e5 33.Be3 Nb8 34.Ne2 Ke6 35.Ng3 Nd7
36.Nf5 Bf8 37.h3 Nb8 38.Kd3 Nd7 39.Kc2 Nb8 40.Kd3 Na6 41.Bf2 Bc5 42.Be1 Nb8
43.Bd2 Nc6 44.Bh6 Kf7 45.Bd2 Ne7 46.Bc1 Nc6 47.Bd2 Nd8 48.Nh6+ Kg6 49.Nf5 Ne6
50.Nh4+ Kf7 51.Nf5 Ke8 52.Bc1 Nd4 53.Nxd4 Bxd4 54.Bd2 Bc5 55.Bc1 Kf7 56.Bd2 Ke6
57.Bc1 Ke7 58.Bd2 Kd7 59.Bh6 Ke7 60.Bc1 Kf7 61.Bd2 Ke6 62.Bc1 f5 63.gxf5+ Kxf5
64.Bh6 Kg6 65.Bc1 Kh5  0-1

[Event "Hlinsko op"]
[Site "Hlinsko"]
[Date "1993.??.??"]
[Round "?"]
[White "Hausner, Ivan"]
[Black "Pribyl, Josef"]
[Result "1-0"]
[WhiteElo "2465"]
[BlackElo "2470"]

1.e4 c5 2.Nc3 Nc6 3.Nge2 e5 4.Nd5 Nf6 5.Nxf6+ Qxf6 6.Nc3 Bd6 7.Bc4 b6 8.O-O Bb7
9.d3 Ne7 10.Re1 h5 11.Re3 Qg6 12.Rf3 f6 13.Rg3 Qh7 14.a4 a6 15.Bd2 Bc7 16.Rb1 d6
17.b4 Rd8 18.Be6 Bc8 19.Bxc8 Rxc8 20.Qf3 Bd8 21.bxc5 Rxc5 22.Rb2 Qg8 23.Nd1 Qf7
24.Ne3 g6 25.Bb4 Rc6 26.Nd5 Nxd5 27.exd5 Rc7 28.c4 Rd7 29.d4 h4 30.Rh3 f5
31.dxe5 dxe5 32.Re2 Bf6 33.Qf4 Kd8 34.Rxe5 Kc8 35.Re1 Kb7 36.a5 b5 37.cxb5 Qxd5
38.bxa6+ Kxa6 39.Rhe3 Rc8 40.h3 Rc6 41.Qb8 Bd4 42.Qa8+ Kb5 43.Qb8+ Rb6 44.axb6 Bxe3
45.Rxe3 Kxb4 46.Qf4+ Qc4 47.Qxc4+ Kxc4 48.Re6 g5 49.Rg6 Kd5 50.Rxg5 Ke5 51.Rh5 Rd6
52.Rxh4 Rxb6 53.g3 Rb1+ 54.Kg2 Kf6 55.Ra4 Rb3 56.Ra6+ Kg7 57.g4 fxg4 58.hxg4 Rc3
59.f3 Rb3 60.Kg3 Rc3 61.g5 Rc4 62.f4 Rb4 63.Kg4 Rc4 64.Re6 Ra4 65.Kf5 Ra7
66.Re4 Ra5+ 67.Kg4 Ra7 68.f5 Kf7 69.Kh5 Ra1 70.Kg4 Rg1+ 71.Kf4 Rf1+ 72.Ke5 Rg1
73.g6+ Kg7 74.Ke6 Ra1 75.Rg4 Ra6+ 76.Ke5 Ra5+ 77.Ke4 Kf6 78.Rg1 Ra7 79.Rd1 Ra4+
80.Rd4 Ra6 81.Kf4 Rb6 82.Ra4 Rc6 83.Kg4 Rb6 84.Ra8 Rb1 85.Ra6+ Kg7 86.Ra7+ Kg8
87.Kg5 Rb8 88.Kh6  1-0

[Event "HUN-chT"]
[Site "HUN"]
[Date "1993.??.??"]
[Round "?"]
[White "Dobos, Jozsef"]
[Black "Rigo, Janos"]
[Result "1/2-1/2"]
[WhiteElo "2355"]
[BlackElo "2370"]

1.e4 c5 2.Nf3 Nc6 3.Nc3 g6 4.Bc4 Bg7 5.O-O d6 6.h3 Nf6 7.d3 O-O 8.a4 a6 9.Be3 Rb8
10.Qd2 Be6 11.Bh6 Nd4 12.Nxd4 cxd4 13.Bxg7 Kxg7 14.Nd5 Bxd5 15.Bxd5 e5 16.Bb3 Nh5
17.g3 f5 18.exf5 gxf5 19.Bd5 f4 20.Bf3 Qg5 21.c3 dxc3 22.bxc3 Qg6 23.Qe2 Nf6
24.Kh2 fxg3+ 25.fxg3 Rf7 26.Rab1 b6 27.Rb4 a5 28.Rh4 Kh8 29.Be4 Nxe4 30.Rxe4 Rbf8
31.Rxf7 Qxf7 32.Kg2 Qb3 33.Qd2 Rf7 34.h4 b5 35.Qg5 Rf8 36.Qe7 Qc2+ 37.Kh3 Qf2
38.Re2 Qf1+ 39.Rg2 Qh1+ 40.Rh2 Qf1+ 41.Rg2  1/2-1/2

[Event "HUN-chT"]
[Site "HUN"]
[Date "1993.??.??"]
[Round "?"]
[White "Gemesi, Andras"]
[Black "Anka, Emil"]
[Result "0-1"]
[WhiteElo "2235"]
[BlackElo "2370"]

1.e4 c5 2.Nf3 Nc6 3.Nc3 g6 4.d4 cxd4 5.Nxd4 Bg7 6.Be3 Nf6 7.Nxc6 bxc6 8.e5 Ng8
9.Bd4 Nh6 10.e6 O-O 11.Bxg7 Kxg7 12.Qd4+ f6 13.exd7 Qxd7 14.Qxd7 Bxd7 15.O-O-O Rfd8
16.h3 Nf5 17.Ne4 Be6 18.Ba6 Rxd1+ 19.Rxd1 Bd5 20.Re1 Rb8 21.a3 e5 22.g3 Nd4
23.Nc5 g5 24.Rd1 Re8 25.c3 Nf5 26.Bf1 Re7 27.a4 Bf3 28.Rd7 Rxd7 29.Nxd7 e4
30.g4 e3 31.gxf5 e2 32.Bxe2 Bxe2 33.a5 h5 34.Nb8 h4 35.Kd2 Bf1 36.Nxc6 Bxh3
37.Nd4 Bg2 38.Ne2 h3 39.Ng3 h2 40.b4 h1=Q 41.Nxh1 Bxh1 42.Ke3 Bb7 43.b5 Kf7
44.c4 Ke7 45.c5 a6 46.c6 Ba8 47.c7 Bb7 48.b6 Kd6 49.Kd4 Kc6 50.Kc4 Bc8 51.Kd4 Bxf5
52.Ke3 Bc8 53.Ke4 Kd6 54.Kd4 f5 55.Kc4 Bb7 56.Kd4 g4 57.Ke3 Ke5 58.Kd3 f4
59.Ke2 Ke4  0-1

[Event "HUN-chT2"]
[Site "HUN"]
[Date "1993.??.??"]
[Round "?"]
[White "Kovacs, Gabor"]
[Black "Kapu, Jeno"]
[Result "0-1"]
[WhiteElo "2225"]
[BlackElo "2250"]

1.e4 c5 2.Nc3 Nc6 3.Nf3 e6 4.Be2 Nf6 5.O-O Be7 6.d4 cxd4 7.Nxd4 Qc7 8.Be3 O-O
9.f4 d6 10.Bf3 Bd7 11.Nb3 Rad8 12.Qe1 Nb4 13.Qf2 b6 14.a3 Na6 15.Nd4 e5 16.Nf5 Bxf5
17.exf5 d5 18.Nb5 Qd7 19.fxe5 Qxb5 20.exf6 Bxf6 21.Be2 Qa5 22.c3 Rfe8 23.a4 d4
24.Bxd4 Rxd4 25.cxd4 Qd2 26.Bb5 Bxd4 27.Bxe8 Nc5 28.Qxd4 Qxd4+ 29.Kh1 Ne4
30.g3 Nf2+ 31.Kg2 Ng4 32.Kh3 h5 33.Rae1 Qxb2 34.Kh4 Qxh2+ 35.Kg5 Qxg3 36.Rg1 f6+
37.Kxh5 Qh3+  0-1

[Event "ISL-ch"]
[Site "?"]
[Date "1993.??.??"]
[Round "1"]
[White "Thorhallsson, Throstur"]
[Black "Stefansson, Hannes"]
[Result "1-0"]
[WhiteElo "2440"]
[BlackElo "2295"]

1.e4 c5 2.Nc3 Nc6 3.Nf3 d6 4.d4 cxd4 5.Nxd4 Nf6 6.Bc4 e6 7.Be3 a6 8.Qe2 Be7
9.O-O-O Qc7 10.Bb3 b5 11.g4 Na5 12.g5 Nxb3+ 13.axb3 Nd7 14.Qh5 Nc5 15.b4 Na4
16.Nxa4 bxa4 17.Rd3 Qb7 18.Re1 e5 19.Nf5 g6 20.Ng7+ Kf8 21.Qh6 Bg4 22.Nf5+ Ke8
23.Nxd6+ Bxd6 24.Qg7 Qxb4 25.Qxh8+ Kd7 26.Rxd6+ Kxd6 27.Rd1+  1-0

[Event "ITA-chT"]
[Site "ITA"]
[Date "1993.??.??"]
[Round "5"]
[White "Pantaleoni, Claudio"]
[Black "Scafarelli, Francesco"]
[Result "0-1"]
[WhiteElo "2225"]
[BlackElo "2300"]

1.e4 c5 2.Nc3 Nc6 3.Nge2 g6 4.d4 cxd4 5.Nxd4 Bg7 6.Be3 d6 7.Qd2 Nf6 8.f3 Bd7
9.O-O-O Rc8 10.g4 h6 11.Be2 Ne5 12.h4 Nc4 13.Bxc4 Rxc4 14.h5 g5 15.e5 Nxg4
16.fxg4 Bxe5 17.Rhg1 Qa5 18.Nb3 Bxc3 19.Nxa5 Bxd2+ 20.Rxd2 Ra4 21.Nb3 Rxg4
22.Rxg4 Bxg4 23.Na5 Bxh5 24.Rh2 Bf3 25.Bxg5 b6 26.Nb3 h5 27.Nd4 Be4 28.Kd2 Kd7
29.Rf2 f5 30.Ke3 e6 31.Nb5 a6 32.Nc3 Bc6 33.Rd2 e5 34.Nd5 f4+ 35.Ke4 Ke6
36.c4 Rg8 37.Bh4 Rg4 38.Rh2 b5 39.b3 bxc4 40.bxc4 f3+ 41.Ke3 Rxc4 42.Nc7+ Kf5
43.Be7 Rc3+ 44.Kd2 Ra3 45.Rxh5+ Kg4 46.Rg5+ Kf4 47.Ne6+ Ke4 48.Bxd6 Rd3+  0-1

[Event "Jakarta zt"]
[Site "Jakarta"]
[Date "1993.??.??"]
[Round "6"]
[White "Gunawan, Ronny"]
[Black "Yang Xian"]
[Result "1/2-1/2"]
[WhiteElo "2420"]
[BlackElo "2415"]

1.e4 c5 2.Nc3 Nc6 3.Nge2 Nf6 4.d4 cxd4 5.Nxd4 d6 6.Be3 e5 7.Nf3 Be7 8.Bc4 Be6
9.Bb3 O-O 10.O-O Na5 11.Bg5 Nxb3 12.axb3 Qc7 13.Qd3 a6 14.Rfd1 Rfd8 15.Bxf6 Bxf6
16.Rac1 Rac8 17.Nd5 Bxd5 18.Qxd5 h6 19.c3 Qc6 20.h3 Qxd5 21.Rxd5 Rc5 22.Rcd1 Rxd5
23.Rxd5 Kf8 24.Kf1 Ke7 25.Ke2 Rc8 26.b4 Ke6 27.Kd3 Be7 28.Nd2 f5 29.c4 g6
30.b3 Bg5 31.Nf3 Be7 32.Nd2 Bg5 33.Nf3 Be7 34.Nd2  1/2-1/2

[Event "Jakarta zt"]
[Site "Jakarta"]
[Date "1993.??.??"]
[Round "7"]
[White "Mok Tze Meng"]
[Black "Norris, Damian C"]
[Result "1-0"]
[WhiteElo "2200"]
[BlackElo "2235"]

1.e4 c5 2.Nf3 Nc6 3.Nc3 e6 4.g3 d5 5.d3 Nf6 6.e5 Nd7 7.Bf4 Be7 8.h4 Qa5 9.Qd2 b5
10.Bg2 Bb7 11.O-O b4 12.Nd1 O-O 13.Re1 Rac8 14.Ne3 Ba6 15.Ng4 c4 16.Bg5 Nc5
17.Bf6 Nxe5 18.Rxe5 Bxf6 19.Nxf6+ gxf6 20.Qh6 Rfd8 21.Ng5 Qc7 22.Qxf6 cxd3
23.h5 dxc2 24.h6 Kf8 25.Nxe6+ Nxe6 26.Rxe6 c1=Q+ 27.Rxc1 Qxc1+ 28.Kh2 Qxb2
29.Qxb2 fxe6 30.Qf6+ Ke8 31.Qxe6+ Kf8 32.Qxa6 Rc7 33.Qf6+ Ke8 34.Bxd5 Re7
35.Bc6+  1-0

[Event "Jyvaskyla op"]
[Site "Jyvaskyla"]
[Date "1993.??.??"]
[Round "6"]
[White "Westerinen, Heikki MJ"]
[Black "Vooremaa, Andres"]
[Result "1/2-1/2"]
[WhiteElo "2385"]
[BlackElo "2320"]

1.e4 c5 2.Nc3 Nc6 3.Nge2 e6 4.g3 b6 5.Bg2 Bb7 6.O-O d6 7.d3 Nf6 8.f4 Be7
9.f5 e5 10.Nd5 Nd4 11.c3 Nxe2+ 12.Qxe2 Qd7 13.g4 Nxd5 14.exd5 h6 15.h3 a5
16.a4 Ba6 17.Be4 Qd8 18.c4 Kd7 19.Kg2 Kc7 20.Be3 Bc8 21.Qd2 Bd7 22.Rf3 Bh4
23.b3 Qf6 24.Rg1 Rag8 25.Kf1 Bg5 26.Qf2 Be8 27.Ke2 Qe7 28.Rh1 Bxe3 29.Qxe3 Qh4
30.Qf2 Qxf2+ 31.Kxf2 f6 32.Rg1 Kd8 33.h4 Ke7 34.Kg3 Rh7 35.Rgf1 Kf8 36.Kf2 Bf7
37.Ke3 Rhh8 38.Rh3 Rh7 39.Rfh1 Rgh8 40.Kf3 Ke7  1/2-1/2

[Event "Jyvaskyla op"]
[Site "Jyvaskyla"]
[Date "1993.??.??"]
[Round "8"]
[White "Westerinen, Heikki MJ"]
[Black "Nevanlinna, Risto"]
[Result "0-1"]
[WhiteElo "2385"]
[BlackElo "2290"]

1.e4 c5 2.Nc3 Nc6 3.Nge2 g6 4.d4 cxd4 5.Nxd4 Bg7 6.Be3 Nf6 7.Be2 O-O 8.Nb3 a5
9.a4 Nb4 10.O-O d5 11.e5 Ne4 12.f4 Nxc3 13.bxc3 Nc6 14.Bf3 e6 15.Bc5 Re8
16.Bd6 f6 17.Re1 fxe5 18.fxe5 Bf8 19.Bxf8 Rxf8 20.Nd4 Qc7 21.Nxc6 Qxc6 22.Qd4 Bd7
23.c4 Qxc4 24.Qxc4 dxc4 25.Bxb7 Ra7 26.Bf3 Rc7 27.c3 Rb8 28.Kf2 Rc5 29.Ra2 Kf7
30.h4 Ke7 31.Kg3 Rf8 32.Re4 Rf5 33.Be2 Rfxe5 34.Rxe5 Rxe5 35.Kf4 Rc5 36.Ke3 e5
37.Ra1 Bf5 38.Ra2 h6 39.Rb2 Bd7 40.Ra2 Rc7 41.Rb2 Kd6 42.Rd2+ Ke6 43.Bg4+ Ke7
44.Bxd7 Rxd7 45.Rb2 Rd3+ 46.Ke4 Rxc3 47.Rb7+ Kd8 48.Kxe5 Rg3 49.Rb5 Rxg2
50.Rxa5 Rg4 51.Ra6 Kc7 52.Kd5 Kb7 53.Rc6 c3 54.a5 c2 55.Rxc2 Rxh4 56.a6+ Kb8
57.Rc6 Rg4 58.Rf6 Ka7 59.Kc5 h5 60.Kb5 Rg5+ 61.Kc4 h4 62.Rf4 h3 63.Rf1 h2
64.Rh1 Rg2 65.Kb5 Rf2 66.Rd1 Rf5+ 67.Kc4 g5 68.Rh1 Rf2  0-1

[Event "Jyvaskyla op"]
[Site "Jyvaskyla"]
[Date "1993.??.??"]
[Round "9"]
[White "Koskela, Niina"]
[Black "Rantanen, Yrjo A"]
[Result "0-1"]
[WhiteElo "2155"]
[BlackElo "2350"]

1.e4 c5 2.Nc3 Nc6 3.Nge2 g6 4.g3 Bg7 5.Bg2 d6 6.d3 Rb8 7.Be3 Nd4 8.Qd2 Bg4
9.Bxd4 cxd4 10.Nd1 Rc8 11.f3 Bd7 12.c3 dxc3 13.Ndxc3 h5 14.d4 h4 15.f4 e5
16.O-O-O Bg4 17.dxe5 h3 18.Bf1 dxe5 19.Qxd8+ Rxd8 20.Rxd8+ Kxd8 21.Ng1 exf4
22.gxf4 Bxc3 23.bxc3 Nf6 24.Bd3 Re8 25.Ne2 Bxe2 26.Bxe2 Rxe4 27.Rd1+ Kc7
28.Bf1 Rxf4 29.Bxh3 Rf3 30.Bf1 Rxc3+ 31.Kb2 Rc5 32.Re1 Kd6 33.Bg2 b6 34.Bf3 Nd7
35.Re8 Rf5 36.Re3 Ne5 37.Be2 Rf2 38.Kb3 Rxh2 39.Bb5 f5 40.Ba6  0-1

[Event "Katerini GP"]
[Site "Katerini"]
[Date "1993.??.??"]
[Round "5"]
[White "Grosar, Aljosa"]
[Black "Alexakis, Dimitrios"]
[Result "1-0"]
[WhiteElo "2470"]
[BlackElo "2220"]

1.e4 c5 2.Nf3 Nc6 3.Nc3 d6 4.d4 cxd4 5.Nxd4 Nf6 6.f3 e6 7.Be3 Be7 8.Qd2 O-O
9.g4 Nxd4 10.Bxd4 e5 11.Be3 Be6 12.O-O-O a6 13.Kb1 b5 14.g5 Nh5 15.Rg1 Qc7
16.Nd5 Bxd5 17.Qxd5 Rfb8 18.h4 Bf8 19.Bh3 a5 20.Bg4 Nf4 21.Bxf4 exf4 22.g6 hxg6
23.h5 gxh5 24.Qxh5 g6 25.Be6 Bg7 26.Qxg6 fxe6 27.Qxe6+ Qf7 28.Rxg7+  1-0

[Event "Katerini GP"]
[Site "Katerini"]
[Date "1993.??.??"]
[Round "7"]
[White "Velickovic, Sasa"]
[Black "Kondou, Eva"]
[Result "1-0"]
[WhiteElo "2375"]
[BlackElo "2215"]

1.e4 c5 2.Nc3 Nc6 3.Nge2 g6 4.d4 cxd4 5.Nxd4 Bg7 6.Nde2 Nf6 7.g3 d6 8.Bg2 Be6
9.h3 Qc8 10.Nd5 Ne5 11.Nef4 Bxd5 12.exd5 O-O 13.O-O b5 14.c3 Qb7 15.Ne2 Nfd7
16.Nd4 Bf6 17.Qe2 a6 18.a4 bxa4 19.f4 Nc5 20.fxe5 Bxe5 21.Nc6 Bf6 22.Be3 Kg7
23.Bxc5 dxc5 24.Rxa4  1-0

[Event "Katowice op"]
[Site "Katowice"]
[Date "1993.??.??"]
[Round "3"]
[White "Kostyra, Stanislaw"]
[Black "Swol, Michal"]
[Result "1-0"]
[WhiteElo "2375"]
[BlackElo "2140"]

1.e4 c5 2.Nc3 Nc6 3.Nf3 Nf6 4.Bb5 a6 5.Bxc6 bxc6 6.O-O d6 7.e5 Nd5 8.h3 Nc7
9.d3 Ne6 10.Re1 h6 11.b3 g6 12.Bb2 Bg7 13.exd6 exd6 14.Na4 O-O 15.Bxg7 Kxg7
16.Qd2 Rb8 17.d4 cxd4 18.Nxd4 Nxd4 19.Qxd4+ Qf6 20.Rad1 Rd8 21.c4 Be6 22.Re2 d5
23.Red2 Qxd4 24.Rxd4 Re8 25.c5 Rb5 26.f3 Rb7 27.Kf2 Rbe7 28.Re1 Bf5 29.Rxe7 Rxe7
30.g4 Be6 31.Rb4 Bc8 32.Rb8 Bb7 33.Rd8 Kf6 34.Nc3 Rc7 35.Ne2 a5 36.Nd4 Ke5
37.Ke3 Kf6 38.h4 h5 39.gxh5 gxh5 40.Kf4 Ke7 41.Rh8 Bc8 42.Rxh5 Bd7 43.Rh8 Rb7
44.a3 Kf6 45.Ra8 Rc7 46.h5  1-0

[Event "Katowice op"]
[Site "Katowice"]
[Date "1993.??.??"]
[Round "6"]
[White "Zemerov, Vladimir"]
[Black "Pyda, Zbigniew"]
[Result "0-1"]
[WhiteElo "2455"]
[BlackElo "2290"]

1.e4 c5 2.Nc3 Nc6 3.Nf3 Nf6 4.Bb5 g6 5.e5 Ng4 6.Bxc6 dxc6 7.h3 Nh6 8.g4 Bg7
9.d3 f5 10.g5 Nf7 11.Qe2 Be6 12.Bf4 Qa5 13.Bd2 Qc7 14.Bf4 Qa5 15.Kf1 O-O-O
16.a3 h6 17.h4 hxg5 18.Bxg5 Nxg5 19.Nxg5 Bd5 20.Nxd5 Rxd5 21.Nf3 Qa4 22.c4 Rd7
23.Rg1 Rh6 24.Rc1 e6 25.Qd2 Qb3 26.Rc3 Qb6 27.Ke2 Qc7 28.Rcc1 Rh8 29.Qc3 Bh6
30.Rcd1 Rg8 31.b4 cxb4 32.axb4 Rdg7 33.Ra1 a6 34.Qb3 g5 35.hxg5 Bxg5 36.b5 cxb5
37.cxb5 Qb6 38.Qc4+ Kb8 39.Qa2 Bh4 40.Rgf1 Rg4 41.bxa6 Rb4 42.Rab1 Rg2 43.Nd2 Rxf2+
44.Rxf2 Qxf2+ 45.Kd1 Rxb1+ 46.Qxb1 Qe1+ 47.Kc2 Qxb1+ 48.Kxb1 bxa6 49.Nf3 Bg3
50.Kc2 Kc7 51.Kb3 Kc6 52.Kc4 Bf2 53.Ng5 Kd7 54.d4 Be3 55.Nh7 a5 56.Nf6+ Ke7
57.d5 Bg5 58.d6+ Kd8 59.Nh7 Bh6 60.Kb5 f4 61.Nf6 f3 62.Ng4 Bd2 63.Nh2 f2
64.Nf1 Bc3 65.Ne3 Kd7 66.Nf1 Bxe5 67.Kxa5 Kxd6  0-1

[Event "Katowice op"]
[Site "Katowice"]
[Date "1993.??.??"]
[Round "8"]
[White "Zemerov, Vladimir"]
[Black "Schliebener, Stephan"]
[Result "1/2-1/2"]
[WhiteElo "2455"]
[BlackElo "2295"]

1.e4 c5 2.Nc3 Nc6 3.Nf3 Nf6 4.Bb5 d6 5.e5 Ng4 6.Bxc6+ bxc6 7.Qe2 Nxe5 8.Nxe5 dxe5
9.Qxe5 Qd4 10.Qe4 Qxe4+ 11.Nxe4 c4 12.b3 Bf5 13.f3 Be6 14.Bb2 Rg8 15.Ke2 g5
16.bxc4 Bxc4+ 17.d3 Be6 18.Rhb1 f5 19.Nc5 Bc8 20.Be5 e6 21.Na4 c5 22.c4 Bd7
23.Nc3 Bc6 24.Rb8+ Rxb8 25.Bxb8 g4 26.fxg4 Rxg4 27.g3 Rg7 28.Rb1 Rd7 29.Nb5 Kf7
30.Nxa7 Ba4 31.Kd2 Bh6+ 32.Kc3 Bg7+ 33.Kd2  1/2-1/2

[Event "Komotini GP"]
[Site "Komotini"]
[Date "1993.??.??"]
[Round "2"]
[White "Mastoras, Ilias"]
[Black "Grosar, Aljosa"]
[Result "0-1"]
[WhiteElo "2240"]
[BlackElo "2470"]

1.e4 c5 2.Nc3 Nc6 3.Nge2 d6 4.g3 e5 5.Nd5 Bg4 6.Ne3 Nd4 7.Nxd4 Bxd1 8.Bb5+ Qd7
9.Bxd7+ Kxd7 10.Kxd1 cxd4 11.Nd5 Ne7 12.Nxe7 Bxe7 13.d3 f5 14.f4 Raf8 15.h4 Rf6
16.h5 Rg8 17.Bd2 g6 18.fxe5 dxe5 19.Bg5 Rf7 20.Bxe7 Kxe7 21.Ke2 fxe4 22.dxe4 Rgf8
23.hxg6 Rf2+ 24.Ke1 hxg6 25.Rd1 Rxc2 26.Rd2 Rxd2 27.Kxd2 Rf2+ 28.Kc1 Re2
29.Rh7+ Kd6 30.Rg7 Rxe4 31.Rxg6+ Kd5 32.Kd2 b6 33.Rg7 Re3 34.Rg4 Rf3 35.Ke2 e4
36.Rg8 d3+  0-1

[Event "Komotini GP"]
[Site "Komotini"]
[Date "1993.??.??"]
[Round "5"]
[White "Velickovic, Sasa"]
[Black "Maksimovic, Suzana"]
[Result "1-0"]
[WhiteElo "2375"]
[BlackElo "2280"]

1.e4 c5 2.Nc3 Nc6 3.Nge2 Nf6 4.g3 e5 5.Bg2 Be7 6.O-O d6 7.h3 Bd7 8.d3 Qc8
9.Kh2 Nd4 10.a4 h5 11.Nxd4 cxd4 12.Ne2 g5 13.c3 Qc5 14.b4 Qc7 15.cxd4 h4
16.g4 Rc8 17.d5 Nh7 18.Be3 Qb8 19.Qd2 O-O 20.b5 b6 21.Nc1 Rc7 22.Na2 a5 23.bxa6 Bxa4
24.Rfb1 Rc2 25.Qb4 b5 26.Nc3 Rxc3 27.Qxc3 Rc8 28.a7 Qa8 29.Qxc8+ Qxc8 30.Rxa4  1-0

[Event "Leeuwarden op"]
[Site "Leeuwarden"]
[Date "1993.??.??"]
[Round "8"]
[White "Reinderman, Dimitri"]
[Black "Bosch, Jeroen"]
[Result "1/2-1/2"]
[WhiteElo "2435"]
[BlackElo "2290"]

1.e4 c5 2.Ne2 Nc6 3.Nbc3 g6 4.d4 cxd4 5.Nxd4 Bg7 6.Nb3 Nf6 7.Be2 O-O 8.O-O d6
9.Re1 a6 10.Bf1 Be6 11.Nd5 Rc8 12.c3 Re8 13.Bg5  1/2-1/2

[Event "Leon"]
[Site "Leon"]
[Date "1993.??.??"]
[Round "1"]
[White "Morovic Fernandez, Ivan"]
[Black "Garcia Ilundain, David"]
[Result "1/2-1/2"]
[WhiteElo "2570"]
[BlackElo "2475"]

1.e4 c5 2.Nc3 Nc6 3.Nge2 Nf6 4.d4 cxd4 5.Nxd4 d6 6.Bg5 e6 7.Qd2 a6 8.O-O-O Bd7
9.f4 b5 10.Bxf6 gxf6 11.Nxc6 Bxc6 12.Qe1 Be7 13.Bd3 Qb6 14.Kb1 Qc5 15.f5 b4
16.Ne2 e5 17.Ng3 a5 18.Qg1 Qxg1 19.Rhxg1 Bd8 20.Rge1 Ke7 21.Nf1 Bb6 22.Ne3 Bxe3
23.Rxe3 Rhg8 24.g3 Rac8 25.Be2 Rgd8 26.Bf3 Bb7 27.a3 Rc4 28.b3 Rc6 29.axb4 axb4
30.Be2 Ba6 31.Bxa6 Rxa6 32.Rd5 Rda8 33.Kc1 Ra1+ 34.Kd2 Rc8 35.Re2 Rc3 36.Rd3 Rc5
37.g4 Ra2 38.Kd1 Ra1+ 39.Kd2 Ra2 40.Kd1 Ra1+ 41.Kd2  1/2-1/2

[Event "Leon"]
[Site "Leon"]
[Date "1993.??.??"]
[Round "3"]
[White "Morovic Fernandez, Ivan"]
[Black "Romero Holmes, Alfonso"]
[Result "1-0"]
[WhiteElo "2570"]
[BlackElo "2210"]

1.e4 c5 2.Nc3 Nc6 3.Nge2 g6 4.d4 cxd4 5.Nxd4 Bg7 6.Be3 Nf6 7.Bc4 O-O 8.Bb3 d6
9.h3 Na5 10.O-O a6 11.Bg5 h6 12.Bh4 e6 13.f4 Nxb3 14.axb3 e5 15.fxe5 dxe5
16.Nf3 Qb6+ 17.Kh1 g5 18.Bg3 Nh5 19.Bf2 Qd8 20.Nd5 Be6 21.c4 Nf4 22.Bb6 Qd7
23.Bc5 Rfe8 24.Nh2 Bxd5 25.cxd5 f5 26.exf5 Qxf5 27.Be3 Qe4 28.Bxf4 exf4 29.d6 Rad8
30.Ra5 Re5 31.Rxe5 Qxe5 32.Re1 Rxd6 33.Qc1 Qd5 34.Nf3 Kh7 35.Kh2 Qf5 36.Re7 Rd7
37.Qc8 Rd5 38.Qxb7 Qf6 39.Rxg7+ Qxg7 40.Qxd5 Qxb2 41.Qf5+ Kg7 42.Ne5 Qxb3  1-0

[Event "Linares NL m1"]
[Site "Linares"]
[Date "1993.??.??"]
[Round "3"]
[White "Martin del Campo, Roberto"]
[Black "Hernandez, Gilberto"]
[Result "1/2-1/2"]
[WhiteElo "2510"]
[BlackElo "2535"]

1.e4 c5 2.Nf3 Nc6 3.Nc3 d6 4.d4 cxd4 5.Nxd4 Nf6 6.Be3 e5 7.Nf3 Be7 8.Bc4 O-O
9.O-O Be6 10.Bb3 Na5 11.Qe2 a6 12.Rfd1 Qc7 13.Bg5 Nxb3 14.axb3 Ne8 15.Bxe7 Qxe7
16.Nd2 f5 17.exf5 Rxf5 18.Nc4 Rf7 19.Nb6 Rd8 20.Ncd5 Qg5 21.Ra4 Qg6 22.Rd3 Nf6
23.Nxf6+ Rxf6 24.f3 Rdf8 25.Ra1 Bf5 26.Rd2 h5 27.Nd5 R6f7 28.Ne3 Bd7 29.Rad1 Rxf3
30.Rxd6 Qg5 31.Nc4 Rf2 32.Qxf2 Rxf2 33.Kxf2 Bc6 34.Ne3 Qf4+ 35.Ke2 Qxh2 36.Rf1 Kh7
37.Rf5 Qh1 38.Rf1 Qh4 39.Rf7 Qe4 40.Rf5 h4 41.Rg5 Bb5+ 42.c4 Bc6 43.Rg4 Qb1
44.Rxh4+ Kg8 45.Rd2 Qa2 46.Ng4 Bxg2 47.Nxe5 Qa5 48.c5 Qc7 49.Rh5 Bc6 50.Kd1 Be8
51.Rg5 Qxc5 52.Rdg2 Qd4+ 53.Kc1 Kf8 54.Kb1 Qd1+ 55.Ka2 Qe1 56.Nc4 b5 57.Rf5+ Bf7
58.Rgf2 bxc4 59.Rxf7+ Kg8 60.bxc4 Qb4 61.b3  1/2-1/2

[Event "Linares NL m1"]
[Site "Linares"]
[Date "1993.??.??"]
[Round "4"]
[White "Hernandez, Gilberto"]
[Black "Martin del Campo, Roberto"]
[Result "1-0"]
[WhiteElo "2535"]
[BlackElo "2510"]

1.e4 c5 2.Nc3 Nc6 3.Nge2 e5 4.Nd5 g6 5.Nec3 Nd4 6.Bc4 Bg7 7.d3 d6 8.O-O Be6
9.f4 f5 10.a4 Nf6 11.Nxf6+ Qxf6 12.Nd5 Bxd5 13.Bxd5 O-O-O 14.c3 Nc6 15.a5 Kc7
16.Qb3 Rb8 17.Qb5 a6 18.Qb6+ Kd7 19.fxe5 Qxe5 20.Bf4 Qf6 21.exf5 gxf5 22.Rae1 Ne5
23.d4 cxd4 24.cxd4 Nc6 25.Be6+ Ke8 26.Qc7 Qxd4+ 27.Kh1  1-0

[Event "Linares m"]
[Site "Linares"]
[Date "1993.??.??"]
[Round "5"]
[White "Ljubojevic, Ljubomir"]
[Black "Illescas Cordoba, Miguel"]
[Result "1/2-1/2"]
[WhiteElo "2595"]
[BlackElo "2625"]

1.e4 c5 2.Nf3 Nc6 3.Nc3 e6 4.g3 Nf6 5.d3 d5 6.exd5 exd5 7.Bg2 Be7 8.O-O O-O
9.Re1 d4 10.Ne4 Nxe4 11.Rxe4 Bd6 12.Nd2 Bf5 13.Re1 Qd7 14.Nc4 Bc7 15.a4 Rae8
16.Rxe8 Rxe8 17.Bd2 Bg4 18.Qf1 b6 19.Re1 Ne5 20.Nxe5 Rxe5 21.Rxe5 Bxe5 22.Qe1  1/2-1/2